00426nam a2200145Ia 4500003000400000008004100004040001600045082001800061100002400079245008400103700002100187260004000208300001100248650002100259GCL140319s9999 xx 000 0 eng d aGCL / cGCL04a616089142bTB1 aTHORPE, GEOFFREY L.10aBEHAVIOR THERAPY: CONCEPTS, PRCEDURES, AND APPLICATIONS / cTHORPE, GEOFFREY L.1 aOLSON, SHERYL L. a[S.N] : bALLYN AND BACON ، c1990 a320 P.04aBEHAVIOR THERAPY